000 00644nam a2200253Ia 4500
003 OSt
005 20221005123348.0
006 a|||||r|||| 00| 0
007 ta
008 221004b |||||||| |||| 00| 0 eng d
024 _a34987
037 _cTextual
040 _aCRL
_cCRL
_beng
041 _2eng
_aeng
082 _aZ73:251, J7
100 _aKuchler Frances W H
_9633592
245 0 _aLaw of support
_bYour rights as a dependent
250 _a2nd
260 _c1957
490 _a(Legal almanac series,12).
650 _aLAW
942 _hZ73:251, J7
_cTEXL
_2cc
999 _c1047203
_d1047203